| 000 | 00760nam a22002537a 4500 | ||
|---|---|---|---|
| 008 | 131028b xxu||||| |||| 00| 0 eng d | ||
| 020 | _a81-203-0807-7 | ||
| 024 | _cAvailalbe | ||
| 037 | _cAvailable | ||
| 040 |
_aMBSTU LIBRARY _dMBSTU LIBRARY |
||
| 082 |
_222 _a621.381534 GAO |
||
| 100 | _aGayakwad, Ramakant A. | ||
| 245 | _aOp-amps linear integrated circuits. | ||
| 250 | _a3rd | ||
| 260 |
_aNew Delhi _bPrentice Hall, _c2002 |
||
| 300 |
_a23 cm. _b640 page _f1 _g23 cm. |
||
| 600 | _2Electronics circuits. | ||
| 650 | _2Electronics circuits. | ||
| 700 | _aGayakwad, Ramakant A. | ||
| 270 |
_aNew Delhi _bNew Delhi _dIndia |
||
| 365 |
_b234.00 _d234.00 |
||
| 942 |
_2ddc _cBK |
||
| 999 |
_c748 _d748 |
||